[Event "SK König Tegel-SC Leipzig-Gohlis"]
[Site "Torgelow"]
[Date "2006.12.27"]
[Round "2.4"]
[White "Buncke, Johanna"]
[Black "Salden, Franziska"]
[Result "0-1"]
[WhiteElo "1588"]
[BlackElo "1976"]
[PlyCount "108"]
[EventDate "2006.??.??"]

1. e4 e6 2. d4 d5 3. Nc3 Nf6 4. exd5 exd5 5. Bd3 Bd6 6. Nge2 O-O 7. O-O c6 8.
Bf4 Re8 9. Qd2 Bg4 10. f3 Bh5 11. Nd1 Bg6 12. Nf2 Be7 13. Bxg6 hxg6 14. Nd3
Nbd7 15. c3 Qa5 16. Rfe1 Nh5 17. Be3 Qc7 18. g4 Nhf6 19. Bf4 Bd6 20. Bg3 Re7
21. Nef4 Rae8 22. Rxe7 Rxe7 23. Re1 Nf8 24. b3 a5 25. Rxe7 Qxe7 26. c4 dxc4 27.
bxc4 Bc7 28. Ne2 Bxg3 29. Nxg3 Ne6 30. Ne2 Qd8 31. Ndf4 Ng5 32. Kg2 Nd7 33. h4
Nh7 34. g5 Nhf8 35. d5 Ne5 36. Qd4 Qd6 37. c5 Qb8 38. d6 Ned7 39. Nc1 Qa7 40.
Ncd3 Qb8 41. Ne5 Qe8 42. Nfd3 Ne6 43. Qc3 Nexc5 44. Nxc5 Nxe5 45. Qd4 Nd7 46.
Nxb7 Qe6 47. Nd8 Qxa2+ 48. Kg3 Qc2 49. Qa7 Qf5 50. Qc7 Ne5 51. Nxc6 Qxf3+ 52.
Kh2 Ng4+ 53. Kg1 Qf2+ 54. Kh1 Qh2# 0-1

[Event "SV GA Rüdersdorf-SC Ichenhausen"]
[Site "Torgelow"]
[Date "2006.12.27"]
[Round "2.1"]
[White "Nuber, Helene"]
[Black "Vollak, Marleen"]
[Result "1-0"]
[WhiteElo "2047"]
[BlackElo "1861"]
[PlyCount "33"]
[EventDate "2006.??.??"]

1. e4 c5 2. d3 d5 3. exd5 Qxd5 4. Nf3 Nf6 5. Nc3 Qd8 6. Be3 b6 7. d4 cxd4 8.
Bb5+ Bd7 9. Nxd4 Bxb5 10. Qf3 Na6 11. Ndxb5 g6 12. Rd1 Qc8 13. Ne4 Nd7 14. O-O
Rb8 15. Bd4 Rg8 16. Rfe1 Qxc2 17. Ned6+ 1-0

[Event "SV GA Rüdersdorf-SC Ichenhausen"]
[Site "Torgelow"]
[Date "2006.12.27"]
[Round "2.2"]
[White "Busse, Nadine"]
[Black "Dauer, Christina"]
[Result "0-1"]
[WhiteElo "1934"]
[BlackElo "1942"]
[PlyCount "48"]
[EventDate "2006.??.??"]

1. e4 e6 2. d3 d5 3. Nd2 c5 4. Ngf3 Nc6 5. g3 g6 6. Bg2 Bg7 7. O-O Nf6 8. Re1
O-O 9. c3 b5 10. Qe2 Rb8 11. Nf1 b4 12. e5 Ng4 13. h3 Ngxe5 14. Nxe5 Bxe5 15.
Bh6 Bg7 16. Bxg7 Kxg7 17. Nh2 Ba6 18. Qd2 h5 19. a3 bxc3 20. Qxc3+ Qf6 21. Qxc5
Nd4 22. Re3 Nb3 23. Qxa7 Ra8 24. Rf3 Rxa7 0-1

[Event "SV GA Rüdersdorf-SC Ichenhausen"]
[Site "Torgelow"]
[Date "2006.12.27"]
[Round "2.3"]
[White "Dauer, Carolin"]
[Black "Hönecke, Judith"]
[Result "0-1"]
[WhiteElo "1474"]
[BlackElo "1964"]
[PlyCount "82"]
[EventDate "2006.??.??"]

1. e4 c5 2. Nc3 e6 3. d3 d6 4. g3 g6 5. Bg2 Bg7 6. f4 Nc6 7. Nf3 Nge7 8. O-O
O-O 9. Be3 Nd4 10. Rb1 Nec6 11. Ne2 b5 12. Nexd4 cxd4 13. Bf2 Bd7 14. e5 dxe5
15. fxe5 Rc8 16. Nxd4 Nxe5 17. a3 Qc7 18. Qe2 a6 19. c3 Rfd8 20. Rfd1 Be8 21.
Qe4 Qd6 22. Rd2 Nd7 23. Nc6 Nf6 24. Qh4 Bxc6 25. Be3 Bxg2 26. Kxg2 Qd5+ 27. Kg1
Qh5 28. Bg5 Qxh4 29. Bxh4 Rd7 30. Rf1 Ng4 31. d4 h6 32. Rf4 Ne3 33. Re2 Nd5 34.
Rg4 g5 35. Bxg5 hxg5 36. Rxg5 Nf6 37. h4 Rd5 38. Ree5 Rcc5 39. Kg2 Kh7 40. Kf3
Bh6 41. Rxd5 Rxd5 0-1

[Event "SV GA Rüdersdorf-SC Ichenhausen"]
[Site "Torgelow"]
[Date "2006.12.27"]
[Round "2.4"]
[White "Sdunzik, Jennifer"]
[Black "Kühn, Carmen"]
[Result "1-0"]
[WhiteElo "1971"]
[BlackElo "1520"]
[PlyCount "59"]
[EventDate "2006.??.??"]

1. e4 e5 2. Nf3 Nc6 3. Bc4 Nf6 4. d3 h6 5. c3 Be7 6. O-O d6 7. Bb3 Bg4 8. h3
Bh5 9. Be3 O-O 10. Nbd2 Nh7 11. g4 Bg6 12. Kh2 Ng5 13. Nh4 Kh7 14. Nf5 Ne6 15.
Nf3 h5 16. Bxe6 fxe6 17. Nxe7 Qxe7 18. Ng5+ Kh8 19. gxh5 Bf7 20. Qg4 Qe8 21.
Nxf7+ Qxf7 22. Rg1 Rg8 23. Rg3 Raf8 24. Rf1 Qe8 25. Rfg1 Rf6 26. R1g2 Qf7 27.
Qh4 Kh7 28. Rg6 Ne7 29. Bg5 Rh8 30. Bxf6 1-0

[Event "SV Stuttgart-Wolfbusch-SG Bochum 31"]
[Site "Torgelow"]
[Date "2006.12.27"]
[Round "2.1"]
[White "Zhang, Fan"]
[Black "Gussakovski, Jana"]
[Result "0-1"]
[WhiteElo "2049"]
[BlackElo "2090"]
[PlyCount "84"]
[EventDate "2006.??.??"]

1. d4 g6 2. Nf3 Bg7 3. e4 c5 4. d5 d6 5. Nc3 Nf6 6. Bc4 O-O 7. O-O Na6 8. h3
Nc7 9. Bf4 b5 10. Nxb5 Nxb5 11. Bxb5 Nxe4 12. Qe2 f5 13. Rab1 Rb8 14. Bd3 h6
15. Rfe1 Rf7 16. Bxe4 fxe4 17. Qxe4 Rb4 18. c4 Bf5 19. Qe3 Bxb1 20. Rxb1 Qf8
21. Bg3 Rxc4 22. Qd3 Rb4 23. Qxg6 Rf5 24. Qe6+ Qf7 25. Qc8+ Kh7 26. Qa8 Qxd5
27. Qxa7 Qb7 28. Qa3 Qd5 29. b3 e5 30. Re1 Re4 31. Rc1 Rb4 32. Qa6 Rf6 33. Qe2
e4 34. Nd2 Qd3 35. Qxd3 exd3 36. Nc4 Re6 37. Kf1 d5 38. Ne3 d2 39. Rd1 Bc3 40.
Nc2 Rbe4 41. f3 Re2 42. a3 d4 0-1

[Event "SV Stuttgart-Wolfbusch-SG Bochum 31"]
[Site "Torgelow"]
[Date "2006.12.27"]
[Round "2.2"]
[White "Erben, Larissa"]
[Black "Albano Jeremias, Bianca"]
[Result "1/2-1/2"]
[WhiteElo "1867"]
[BlackElo "1950"]
[PlyCount "78"]
[EventDate "2006.??.??"]

1. e4 e6 2. d4 d5 3. exd5 exd5 4. Nf3 Nc6 5. c4 Bg4 6. h3 Bxf3 7. Qxf3 Nxd4 8.
Qd3 dxc4 9. Qxc4 Bb4+ 10. Bd2 Bxd2+ 11. Nxd2 Qe7+ 12. Be2 O-O-O 13. Kf1 Qxe2+
14. Qxe2 Nxe2 15. Kxe2 Nf6 16. Rhd1 Rhe8+ 17. Kf1 Ne4 18. Nxe4 Rxd1+ 19. Rxd1
Rxe4 20. f3 Re6 21. Rd2 c6 22. Kf2 Kc7 23. f4 b6 24. Kf3 c5 25. f5 Re7 26. Kf4
b5 27. Rc2 Kb6 28. g4 h6 29. g5 hxg5+ 30. Kxg5 c4 31. h4 Rc7 32. h5 b4 33. f6
Rc5+ 34. Kg4 gxf6 35. h6 Rg5+ 36. Kh4 Rg6 37. Kh5 Rg5+ 38. Kh4 Rg6 39. Kh5 Rg5+
1/2-1/2

[Event "SV Stuttgart-Wolfbusch-SG Bochum 31"]
[Site "Torgelow"]
[Date "2006.12.27"]
[Round "2.3"]
[White "Hohmann, Louisa"]
[Black "Hafner, Katrin"]
[Result "1-0"]
[WhiteElo "1642"]
[BlackElo "1684"]
[PlyCount "143"]
[EventDate "2006.??.??"]

1. e4 e6 2. d4 d5 3. Nd2 Nf6 4. e5 Nfd7 5. Bd3 c5 6. c3 Nc6 7. Ne2 cxd4 8. cxd4
f6 9. exf6 Nxf6 10. O-O Bd6 11. Nf3 O-O 12. Bg5 Qc7 13. Rc1 Qb8 14. Bb1 Qc7 15.
Qd3 Ne4 16. Bh4 g6 17. Nc3 Bf4 18. Bg3 Nxg3 19. fxg3 Bxc1 20. Rxc1 Qg7 21. Ne2
Bd7 22. Qe3 Rac8 23. Re1 Nd8 24. Ne5 Nc6 25. Nf3 Rfe8 26. Nf4 Qf6 27. Nd3 Na5
28. Nc5 Qg7 29. b3 b6 30. Nd3 Nb7 31. Nde5 Nd8 32. Ng5 b5 33. Rf1 Re7 34. Ng4
Nc6 35. Nf6+ Kh8 36. Nxd7 Rxd7 37. Qxe6 Nxd4 38. Nf7+ Kg8 39. Qxd7 Ne2+ 40. Kh1
Rf8 41. Nh6+ Qxh6 42. Qe6+ Kg7 43. Qxe2 Qg5 44. Rxf8 Kxf8 45. Qf2+ Ke7 46.
Qxa7+ Kd6 47. Qb8+ Kc5 48. Qf8+ Kc6 49. Qf4 Qe7 50. Qc1+ Kb6 51. Kg1 Qe2 52.
Qf1 Qe5 53. Bd3 d4 54. Qf2 Kc5 55. Qd2 Kb6 56. Kf1 Kc5 57. Qf4 Qe8 58. Qc7+ Kb4
59. Qd6+ Kc3 60. Be2 Qf7+ 61. Qf4 Qxf4+ 62. gxf4 d3 63. Bxd3 Kxd3 64. a4 b4 65.
a5 Kc3 66. a6 Kxb3 67. a7 Kc2 68. a8=Q b3 69. Qc6+ Kb1 70. g4 b2 71. f5 Ka2 72.
Qb5 1-0

[Event "SV Stuttgart-Wolfbusch-SG Bochum 31"]
[Site "Torgelow"]
[Date "2006.12.27"]
[Round "2.4"]
[White "Stitterich, Nadine"]
[Black "Orhan, Eda"]
[Result "1/2-1/2"]
[WhiteElo "1600"]
[BlackElo "1499"]
[PlyCount "68"]
[EventDate "2006.??.??"]

1. e4 d5 2. exd5 Qxd5 3. Nc3 Qa5 4. d4 Bf5 5. Bc4 e6 6. Bd2 c6 7. Nf3 Nf6 8.
Qe2 Bb4 9. O-O-O Nbd7 10. a3 Bxc3 11. Bxc3 Qc7 12. Rhe1 O-O-O 13. h3 Nb6 14. g4
Bg6 15. Ba5 Qf4+ 16. Bd2 Qe4 17. Bd3 Qd5 18. Kb1 Bxd3 19. Qxd3 Qc4 20. Ne5 Qxd3
21. cxd3 Rxd4 22. Be3 Rd5 23. Nxf7 Rf8 24. Ng5 e5 25. Kc2 Kd7 26. b4 h6 27. Ne4
Nxe4 28. dxe4 Rxd1 29. Rxd1+ Ke6 30. Bc5 Rf3 31. Rd3 Rxd3 32. Kxd3 Kf6 33. Bxb6
axb6 34. h4 g5 1/2-1/2

[Event "SC Tamm-SF Brackel"]
[Site "Torgelow"]
[Date "2006.12.27"]
[Round "2.1"]
[White "Zemella, Jennifer"]
[Black "Ströhle, Kathrin"]
[Result "1/2-1/2"]
[WhiteElo "1928"]
[BlackElo "1808"]
[PlyCount "145"]
[EventDate "2006.??.??"]

1. e4 e5 2. Nf3 Nc6 3. Bc4 Bc5 4. b4 Bxb4 5. c3 Be7 6. d4 d6 7. Qb3 Na5 8.
Bxf7+ Kf8 9. Qa4 Kxf7 10. Qxa5 exd4 11. cxd4 c5 12. Qc3 Qb6 13. O-O Qc6 14. d5
Qc7 15. Ng5+ Bxg5 16. Bxg5 Nf6 17. Nd2 Re8 18. f3 b5 19. Rab1 a6 20. Qc2 Kg8
21. Bxf6 gxf6 22. f4 Qf7 23. Rb3 c4 24. Rg3+ Kf8 25. f5 Qa7+ 26. Kh1 Qd4 27.
Qc1 Kf7 28. Nf3 Qc5 29. Qh6 Rf8 30. Qxh7+ Ke8 31. Rg8 Ra7 32. Rxf8+ Kxf8 33.
Qh8+ Ke7 34. Nh4 c3 35. Ng6+ Kd7 36. Qg7+ Kd8 37. Qxf6+ Kc7 38. Rc1 b4 39. Ne7
Qe3 40. Rg1 c2 41. Qb2 Qxe4 42. Rc1 Bxf5 43. Nxf5 Qxf5 44. Rxc2+ Kb7 45. Rf2
Qxd5 46. Qxb4+ Kc7 47. Qc3+ Kb8 48. Rf8+ Kb7 49. Qf3 Qxf3 50. Rxf3 Kc6 51. g4
Kd5 52. h4 Ke4 53. Kg2 d5 54. h5 d4 55. Kf2 Rb7 56. h6 d3 57. Re3+ Kd4 58. Re1
d2 59. Rd1 Kd3 60. g5 Rh7 61. Kf3 Kc2 62. Rxd2+ Kxd2 63. Kf4 a5 64. Kf5 a4 65.
g6 Rxh6 66. g7 Rh5+ 67. Kf4 Rb5 68. g8=Q Kc3 69. Qg3+ Kb2 70. Qf2+ Ka3 71. Ke4
Rb2 72. Qc5+ Kxa2 73. Qc4+ 1/2-1/2

[Event "SC Tamm-SF Brackel"]
[Site "Torgelow"]
[Date "2006.12.27"]
[Round "2.3"]
[White "Schöttler, Katharina"]
[Black "Rüdel, Anita"]
[Result "1/2-1/2"]
[WhiteElo "1607"]
[BlackElo "1549"]
[PlyCount "64"]
[EventDate "2006.??.??"]

1. e4 e6 2. d4 d5 3. exd5 exd5 4. Nf3 Bd6 5. Bd3 Bg4 6. Be3 Nf6 7. Nbd2 O-O 8.
c3 Nbd7 9. Qc2 Re8 10. O-O-O c6 11. h3 Be6 12. Ng5 Nf8 13. Rde1 b5 14. Nxe6
Rxe6 15. Bg5 h6 16. Be3 Qb6 17. g4 N6d7 18. h4 a5 19. h5 Qd8 20. Reg1 Re8 21.
g5 hxg5 22. Bxg5 Be7 23. Nf3 Bxg5+ 24. Nxg5 Qf6 25. Kb1 Re7 26. h6 g6 27. Qd2
Nb6 28. Rh3 Nc4 29. Qc2 Raa7 30. Nf3 Kh7 31. Ng5+ Kg8 32. Rhh1 a4 1/2-1/2

[Event "SC Tamm-SF Brackel"]
[Site "Torgelow"]
[Date "2006.12.27"]
[Round "2.4"]
[White "Schäfer, Daniela"]
[Black "Kartseva, Nataly"]
[Result "1-0"]
[WhiteElo "1450"]
[BlackElo "1497"]
[PlyCount "43"]
[EventDate "2006.??.??"]

1. e4 d5 2. exd5 Nf6 3. Nf3 Nxd5 4. d4 Bg4 5. h3 Bf5 6. Bd3 Bxd3 7. Qxd3 c6 8.
O-O Nd7 9. Nbd2 e6 10. Ne4 f5 11. Neg5 Qf6 12. Nxe6 Bd6 13. Re1 Kf7 14. Neg5+
Kf8 15. Re6 Qd8 16. Rxd6 Qe7 17. Qxf5+ N7f6 18. Re6 Qd7 19. Bf4 h6 20. Ne4 Nxf4
21. Rxf6+ Ke7 22. Rf7+ 1-0

[Event "SAV Torgelow-SG Porz"]
[Site "Torgelow"]
[Date "2006.12.27"]
[Round "2.1"]
[White "Kaplun, Viktoria"]
[Black "Janotta, Steffi"]
[Result "0-1"]
[WhiteElo "1939"]
[BlackElo "2029"]
[PlyCount "112"]
[EventDate "2006.??.??"]

1. d4 d5 2. Nf3 Nf6 3. e3 Bg4 4. Be2 e6 5. O-O c5 6. b3 Nc6 7. Bb2 Bd6 8. Nbd2
O-O 9. Ne5 Bxe2 10. Qxe2 Rc8 11. f4 a6 12. Ndf3 Ne4 13. Nxc6 Rxc6 14. Ne5 Bxe5
15. dxe5 b5 16. Rf3 Qa5 17. a4 Qd2 18. Qxd2 Nxd2 19. Rf2 Ne4 20. axb5 axb5 21.
Re2 c4 22. Bd4 h6 23. g3 cxb3 24. cxb3 Rfc8 25. Ra5 Rc1+ 26. Kg2 Rb8 27. Ra1
Nc3 28. Bxc3 Rxc3 29. Raa2 Rbc8 30. Kf2 Rd3 31. Rad2 Rxd2 32. Rxd2 Rc3 33. Rb2
b4 34. Ke2 Kf8 35. Kd2 g6 36. Ke2 Kg7 37. Kd2 g5 38. Ke2 Kg6 39. Kd2 Kf5 40.
Rc2 Rxb3 41. Rc7 Kg6 42. Rb7 Rb2+ 43. Kd3 gxf4 44. gxf4 Rxh2 45. Rxb4 h5 46.
Rb8 Kg7 47. Rb1 Rg2 48. Rh1 Kg6 49. Rh4 Rg4 50. Rh3 h4 51. Ke2 Kf5 52. Kf3 Rg3+
53. Rxg3 hxg3 54. Kxg3 Ke4 55. Kf2 d4 56. exd4 Kxf4 0-1

[Event "SAV Torgelow-SG Porz"]
[Site "Torgelow"]
[Date "2006.12.27"]
[Round "2.2"]
[White "Stemmler, Lysan"]
[Black "Krause Molle, Zarela"]
[Result "1-0"]
[WhiteElo "1847"]
[BlackElo "1547"]
[PlyCount "71"]
[EventDate "2006.??.??"]

1. e4 e5 2. Nf3 Nc6 3. d4 exd4 4. Nxd4 Bc5 5. Be3 Qf6 6. c3 Nge7 7. Bc4 Qg6 8.
O-O Ne5 9. Be2 O-O 10. Nd2 d5 11. Bh5 Qf6 12. f4 N5c6 13. e5 Qh6 14. Qe2 Nxd4
15. cxd4 Nf5 16. dxc5 Nxe3 17. Bxf7+ Rxf7 18. Qxe3 Bd7 19. Rae1 Bb5 20. Rf3
Raf8 21. g3 Qg6 22. Qb3 Bc6 23. Qd3 Qg4 24. Qd4 h5 25. b4 h4 26. e6 Re7 27. Re5
hxg3 28. Rxg3 Qh4 29. Reg5 Qh6 30. f5 Ba4 31. Qxd5 Bc6 32. Qd4 Qh7 33. f6 Rxe6
34. Rxg7+ Qxg7 35. Rxg7+ Kh8 36. Qh4# 1-0

[Event "SAV Torgelow-SG Porz"]
[Site "Torgelow"]
[Date "2006.12.27"]
[Round "2.3"]
[White "Tunc, Helin"]
[Black "Hartmann, Elisa"]
[Result "0-1"]
[WhiteElo "1286"]
[BlackElo "1521"]
[PlyCount "75"]
[EventDate "2006.??.??"]

1. d4 d5 2. c4 e6 3. Nc3 Nf6 4. Bg5 c6 5. e3 Nbd7 6. Nf3 Bb4 7. Bd3 Qa5 8. Qb3
dxc4 9. Bxc4 Ne4 10. Bd8 Bxc3+ 11. bxc3 Qxd8 12. O-O Nb6 13. Bd3 Nf6 14. c4 O-O
15. e4 Re8 16. c5 Nbd7 17. Rfc1 Qc7 18. Qc2 h6 19. a4 e5 20. dxe5 Nxe5 21. Nxe5
Qxe5 22. Re1 Be6 23. Rab1 Re7 24. a5 Rd8 25. Rbd1 Red7 26. Qb1 Qxc5 27. a6 b5
28. h3 Qb6 29. e5 Nd5 30. Bf5 Qxa6 31. Bxe6 fxe6 32. Qg6 c5 33. Rd2 Qb6 34.
Red1 c4 35. Rd4 a5 36. Rh4 Ne7 37. Qg3 Rxd1+ 38. Kh2 0-1

[Event "SAV Torgelow-SG Porz"]
[Site "Torgelow"]
[Date "2006.12.27"]
[Round "2.4"]
[White "Behm, Lisa"]
[Black "Schäfer, Emma"]
[Result "1-0"]
[WhiteElo "1179"]
[BlackElo "1084"]
[PlyCount "59"]
[EventDate "2006.??.??"]

1. e4 e5 2. Nf3 Nc6 3. d4 exd4 4. Nxd4 Bc5 5. Be3 Qf6 6. c3 a6 7. Be2 Nge7 8.
O-O d5 9. Bf3 Ne5 10. exd5 Nxd5 11. Bxd5 Bxd4 12. Bxd4 O-O 13. Re1 Re8 14. Qe2
Nf3+ 15. Bxf3 Rxe2 16. Rxe2 Qd8 17. Nd2 Be6 18. b4 c6 19. a4 h6 20. Ne4 Bd5 21.
a5 f5 22. Nd2 Bf7 23. Rae1 g5 24. Re7 g4 25. Bd1 Rb8 26. Nb3 Qd6 27. Nc5 Qf4
28. Be5 Qd2 29. Bxb8 Bh5 30. Bb3+ 1-0

[Event "SG BW Stadtilm-SF Wadgassen/Differten"]
[Site "Torgelow"]
[Date "2006.12.27"]
[Round "2.1"]
[White "Dietzen, Corinna"]
[Black "Hoffmann, Lena"]
[Result "1-0"]
[WhiteElo "1980"]
[BlackElo "1897"]
[PlyCount "81"]
[EventDate "2006.??.??"]

1. c4 d5 2. cxd5 Qxd5 3. Nc3 Qd8 4. g3 e5 5. Bg2 Bc5 6. e3 Nf6 7. Nge2 Nc6 8.
O-O Nb4 9. Na4 Be7 10. d4 exd4 11. Nxd4 c6 12. h3 O-O 13. Qe2 Qc7 14. e4 Rd8
15. Rd1 c5 16. Nb5 Rxd1+ 17. Qxd1 Qd7 18. Nac3 Qxd1+ 19. Nxd1 Bd7 20. Nbc3 Bc6
21. a3 Nc2 22. Rb1 Ne1 23. Bh1 Bd7 24. e5 Ne8 25. Bxb7 Rd8 26. Be4 Bxh3 27. Nd5
Bf8 28. Bg5 Rxd5 29. Bxd5 Bf5 30. Ra1 Nd3 31. Ne3 Bd7 32. Nc4 Bb5 33. e6 fxe6
34. Bxe6+ Kh8 35. b3 Bxc4 36. Bxc4 Ne5 37. Bd5 Nc7 38. Bg2 Ne6 39. Re1 Bd6 40.
Be7 Nd4 41. Bxd6 1-0

[Event "SG BW Stadtilm-SF Wadgassen/Differten"]
[Site "Torgelow"]
[Date "2006.12.27"]
[Round "2.2"]
[White "Kinzel, Franziska"]
[Black "Ley, Janine"]
[Result "1/2-1/2"]
[WhiteElo "1459"]
[BlackElo "1610"]
[PlyCount "68"]
[EventDate "2006.??.??"]

1. e4 d6 2. d4 g6 3. Nf3 Bg7 4. Bf4 Bg4 5. c3 Nf6 6. Nbd2 O-O 7. Bd3 e5 8. Be3
Nc6 9. d5 Ne7 10. O-O Ne8 11. Qb3 b6 12. Ne1 f5 13. f3 f4 14. Bf2 Bd7 15. Nc2
h5 16. Bb5 Kh7 17. Bxd7 Qxd7 18. Nb4 g5 19. c4 Ng6 20. Rfd1 h4 21. h3 Ne7 22.
Nd3 Nf6 23. Nf1 Rfc8 24. Qc2 Bf8 25. b4 c5 26. b5 a6 27. a4 axb5 28. axb5 Ra7
29. Ra2 Rca8 30. Rda1 Nc8 31. Qb3 Kg7 32. Nb2 Be7 33. Ra3 Qb7 34. Ra4 Nd7
1/2-1/2

[Event "SG BW Stadtilm-SF Wadgassen/Differten"]
[Site "Torgelow"]
[Date "2006.12.27"]
[Round "2.3"]
[White "Nischik, Natascha"]
[Black "Kinzel, Tiffany"]
[Result "0-1"]
[WhiteElo "1486"]
[BlackElo "1516"]
[PlyCount "66"]
[EventDate "2006.??.??"]

1. c4 Nf6 2. Nc3 d6 3. d4 g6 4. g3 Bg7 5. Bg2 c6 6. Bg5 Nbd7 7. Nf3 O-O 8. O-O
Qc7 9. Qd2 e5 10. dxe5 Nxe5 11. Nxe5 dxe5 12. Rad1 Be6 13. b3 Rfe8 14. Qd6 Qxd6
15. Rxd6 h6 16. Be3 Ng4 17. Bc1 f5 18. f3 Nf6 19. Bh3 Bf8 20. Rd3 Rad8 21. Rfd1
Rxd3 22. Rxd3 Kg7 23. e4 fxe4 24. Nxe4 Bxh3 25. Nxf6 Kxf6 26. g4 h5 27. f4 Bxg4
28. fxe5+ Ke6 29. Bb2 Bf5 30. Rd1 Bc5+ 31. Kg2 Be4+ 32. Kf1 Rf8+ 33. Ke1 Bb4+
0-1

[Event "SG BW Stadtilm-SF Wadgassen/Differten"]
[Site "Torgelow"]
[Date "2006.12.27"]
[Round "2.4"]
[White "Jünger, Theresa"]
[Black "Neumann, Tanja"]
[Result "0-1"]
[WhiteElo "1226"]
[BlackElo "1188"]
[PlyCount "44"]
[EventDate "2006.??.??"]

1. d4 Nf6 2. e3 e6 3. Bd3 b6 4. f4 Bb7 5. Nf3 c5 6. Nbd2 Nc6 7. c3 Be7 8. O-O
Qc7 9. Qe2 h6 10. Re1 Nd5 11. Ne4 f5 12. Nf2 O-O-O 13. a3 g5 14. c4 Nf6 15.
dxc5 Bxc5 16. b4 Bd6 17. Bb2 Rdf8 18. b5 Ne7 19. Ne5 Rhg8 20. Rac1 gxf4 21.
exf4 Rxg2+ 22. Kf1 Rxh2 0-1

[Event "SC Leipzig-Gohlis-SV GA Rüdersdorf"]
[Site "Torgelow"]
[Date "2006.12.28"]
[Round "3.1"]
[White "Busse, Nadine"]
[Black "Ohme, Melanie"]
[Result "0-1"]
[WhiteElo "1934"]
[BlackElo "2145"]
[PlyCount "64"]
[EventDate "2006.??.??"]

1. e4 c5 2. Nf3 e6 3. d4 cxd4 4. Nxd4 a6 5. Bd3 Bc5 6. Nb3 Ba7 7. Qe2 Nc6 8.
Be3 d6 9. f4 Bxe3 10. Qxe3 Nf6 11. O-O O-O 12. Kh1 e5 13. c4 exf4 14. Rxf4 Ne5
15. Be2 Re8 16. Nc3 Be6 17. Nd2 Rc8 18. Raf1 Bxc4 19. Nxc4 Nxc4 20. Bxc4 Rxc4
21. Rxf6 gxf6 22. Qh6 Re6 23. Rf3 f5 24. Rg3+ Rg6 25. exf5 Qe7 26. Qd2 Rxg3 27.
hxg3 Rg4 28. Nd5 Qe5 29. Qa5 b6 30. Qd2 Kh8 31. Nxb6 Qxg3 32. Kg1 Re4 0-1

[Event "SC Leipzig-Gohlis-SV GA Rüdersdorf"]
[Site "Torgelow"]
[Date "2006.12.28"]
[Round "3.2"]
[White "Beltz, Franziska"]
[Black "Hönecke, Judith"]
[Result "1-0"]
[WhiteElo "2055"]
[BlackElo "1964"]
[PlyCount "43"]
[EventDate "2006.??.??"]

1. e4 e6 2. d4 d5 3. e5 c5 4. c3 Nc6 5. Nf3 Nge7 6. Na3 cxd4 7. cxd4 Nf5 8. Nc2
Qb6 9. a3 Be7 10. b4 a6 11. Be2 Bd7 12. O-O O-O 13. Kh1 Rac8 14. Qd2 Na7 15. a4
Qc7 16. Bd3 Qc3 17. Qe2 Qc7 18. Bd2 Qb8 19. g4 Nh4 20. Nxh4 Bxh4 21. g5 h6 22.
Qh5 1-0

[Event "SC Leipzig-Gohlis-SV GA Rüdersdorf"]
[Site "Torgelow"]
[Date "2006.12.28"]
[Round "3.3"]
[White "Sdunzik, Jennifer"]
[Black "Beltz, Carmen"]
[Result "0-1"]
[WhiteElo "1971"]
[BlackElo "1952"]
[PlyCount "78"]
[EventDate "2006.??.??"]

1. e4 c5 2. Nf3 e6 3. d4 cxd4 4. Nxd4 a6 5. Bd3 Nc6 6. Nxc6 bxc6 7. O-O Qc7 8.
Nd2 Nf6 9. Kh1 Be7 10. f4 d6 11. Nf3 e5 12. Qe1 O-O 13. Qc3 Nd7 14. Qe1 Nc5 15.
Qg3 Nxd3 16. cxd3 f6 17. f5 Bd7 18. Nd2 Be8 19. Nc4 d5 20. Ne3 dxe4 21. dxe4
Rd8 22. Ng4 Rd4 23. Re1 Bb4 24. Qb3+ Bf7 25. Nh6+ gxh6 26. Qg3+ Kh8 27. Bxh6
Rg8 28. Qh4 Qe7 29. Re3 Bd2 30. Rh3 Bxh6 31. Qxh6 Bc4 32. Rg1 Qg7 33. Qc1 Rxe4
34. b3 Bd5 35. Rg3 Rg4 36. Qe3 Rxg3 37. hxg3 Qxg3 38. Qxg3 Rxg3 39. Kh2 Rd3 0-1

[Event "SC Leipzig-Gohlis-SV GA Rüdersdorf"]
[Site "Torgelow"]
[Date "2006.12.28"]
[Round "3.4"]
[White "Salden, Franziska"]
[Black "Müller, Thea-Lina"]
[Result "1-0"]
[WhiteElo "1976"]
[BlackElo "1816"]
[PlyCount "47"]
[EventDate "2006.??.??"]

1. e4 c5 2. Nf3 d6 3. d4 cxd4 4. Nxd4 Nf6 5. Nc3 e6 6. Bc4 a6 7. Bb3 b5 8. Qe2
Qc7 9. f3 Be7 10. Be3 Bd7 11. g4 b4 12. Na4 O-O 13. g5 Ne8 14. O-O-O Nc6 15. f4
Nxd4 16. Bxd4 Bb5 17. Qf2 Qc6 18. Nb6 Rb8 19. Rhg1 Bd8 20. Nd5 exd5 21. Bxd5
Qd7 22. g6 hxg6 23. Rxg6 Kh8 24. Rgg1 1-0

[Event "SC Ichenhausen-SV Stuttgart-Wolfbusch"]
[Site "Torgelow"]
[Date "2006.12.28"]
[Round "3.1"]
[White "Gussakovski, Jana"]
[Black "Nuber, Helene"]
[Result "1-0"]
[WhiteElo "2090"]
[BlackElo "2047"]
[PlyCount "89"]
[EventDate "2006.??.??"]

1. e4 e6 2. d4 d5 3. exd5 exd5 4. Nf3 Bd6 5. c4 dxc4 6. Bxc4 Nf6 7. O-O O-O 8.
Nc3 Bg4 9. h3 Bh5 10. g4 Bg6 11. Ne5 c5 12. Nxg6 hxg6 13. dxc5 Bxc5 14. Bxf7+
Kxf7 15. Qb3+ Ke8 16. Re1+ Be7 17. Qxb7 Nbd7 18. Bf4 Rf7 19. Nb5 Kf8 20. Nc7
Nc5 21. Qxa8 Qxa8 22. Nxa8 Nd3 23. Rec1 Nxc1 24. Rxc1 Kg8 25. Be5 Ne4 26. f4
Nc5 27. b4 Nd3 28. Rc8+ Kh7 29. Rc7 Kg8 30. a3 g5 31. Rc8+ Kh7 32. Rc3 Nxf4 33.
Rf3 Kg6 34. Nc7 Bd8 35. Nb5 Bb6+ 36. Kh2 Nd5 37. Rxf7 Kxf7 38. Kg3 Ne3 39. Bd4
Bxd4 40. Nxd4 Nc4 41. a4 Nb6 42. a5 Nc8 43. Kf3 Nd6 44. b5 Kf6 45. a6 1-0

[Event "SC Ichenhausen-SV Stuttgart-Wolfbusch"]
[Site "Torgelow"]
[Date "2006.12.28"]
[Round "3.2"]
[White "Dauer, Christina"]
[Black "Erben, Larissa"]
[Result "0-1"]
[WhiteElo "1942"]
[BlackElo "1867"]
[PlyCount "76"]
[EventDate "2006.??.??"]

1. e4 c5 2. Nc3 e6 3. g3 g6 4. d3 d6 5. Be3 Nc6 6. Qd2 Bg7 7. Bg2 Rb8 8. a4 a6
9. Nf3 Nd4 10. O-O b5 11. axb5 axb5 12. Ng5 Ne7 13. Nh3 b4 14. Nd1 b3 15. c3
Nc2 16. Rc1 Nxe3 17. Nxe3 O-O 18. f4 Bb7 19. Qd1 d5 20. f5 d4 21. f6 Bxf6 22.
Rxf6 dxe3 23. Qf1 Nf5 24. Rxf5 exf5 25. Qf4 fxe4 26. Qh6 f6 27. Qxe3 exd3 28.
Bxb7 Rxb7 29. Qxc5 Re8 30. Rd1 d2 31. Qc4+ Kh8 32. Qf1 Rd7 33. Nf2 Qb6 34. Kg2
Qc6+ 35. Kh3 Re5 36. g4 Qf3+ 37. Kh4 Rh5+ 38. gxh5 g5# 0-1

[Event "SC Ichenhausen-SV Stuttgart-Wolfbusch"]
[Site "Torgelow"]
[Date "2006.12.28"]
[Round "3.3"]
[White "Hafner, Katrin"]
[Black "Dauer, Carolin"]
[Result "1-0"]
[WhiteElo "1684"]
[BlackElo "1474"]
[PlyCount "93"]
[EventDate "2006.??.??"]

1. e4 c6 2. d4 d5 3. Nc3 dxe4 4. Nxe4 Bf5 5. Ng3 Bg6 6. h4 h6 7. Nf3 Nd7 8. h5
Bh7 9. Bd3 Bxd3 10. Qxd3 Ngf6 11. Bd2 e6 12. O-O-O Qc7 13. Qe2 O-O-O 14. Ne5
Nxe5 15. dxe5 Nd5 16. c4 Nb6 17. f4 Rd4 18. b3 Ba3+ 19. Kc2 Rhd8 20. Be3 R4d7
21. Rxd7 Qxd7 22. Ne4 Be7 23. c5 Nd5 24. Nd6+ Kb8 25. Bd2 f6 26. Qg4 Bf8 27.
Re1 f5 28. Qf3 b6 29. b4 Qc7 30. Qf2 Ka8 31. Qe2 Rb8 32. a3 Qd7 33. g3 Nc7 34.
a4 Nd5 35. Qc4 Qc7 36. Rc1 Be7 37. Kd1 Bf8 38. Ke2 bxc5 39. bxc5 Rb2 40. Rc2
Rb1 41. Qa6 Rb3 42. Kf2 Nb4 43. Bxb4 Rxb4 44. Rd2 Rb1 45. Kg2 Rc1 46. Ne8 Qb7
47. Rd8+ 1-0

[Event "SC Ichenhausen-SV Stuttgart-Wolfbusch"]
[Site "Torgelow"]
[Date "2006.12.28"]
[Round "3.4"]
[White "Kühn, Carmen"]
[Black "Stitterich, Nadine"]
[Result "1-0"]
[WhiteElo "1520"]
[BlackElo "1600"]
[PlyCount "92"]
[EventDate "2006.??.??"]

1. d4 Nf6 2. Nf3 g6 3. e3 Bg7 4. Nbd2 O-O 5. Be2 d6 6. O-O Nbd7 7. Rb1 e5 8.
dxe5 Nxe5 9. b3 Nfd7 10. Bb2 f5 11. Nd4 Nb6 12. c3 Kh8 13. N2f3 Qe7 14. Re1 Bd7
15. Qd2 Rae8 16. Rbd1 a6 17. Ba3 Bh6 18. Qc2 Ng4 19. Bd3 c5 20. Ne2 Bxe3 21.
Rf1 Bh6 22. c4 Bc6 23. Bb2+ Bg7 24. Bxg7+ Kxg7 25. Qc3+ Kg8 26. Nd2 Ne5 27. Ng3
Nxd3 28. Qxd3 f4 29. Rfe1 Qg5 30. Nge4 Qf5 31. Qxd6 Re6 32. Qxc5 Bxe4 33. Nxe4
Rfe8 34. Qxf5 gxf5 35. Nf6+ Kf7 36. Nxe8 Rxe8 37. Rxe8 Kxe8 38. Rd4 f3 39. gxf3
Ke7 40. Rh4 Kd6 41. Rxh7 Nd7 42. h4 Ke6 43. f4 b5 44. Rh6+ Nf6 45. cxb5 axb5
46. Rxf6+ Kxf6 1-0